Vliv vzdělání na aktivitu ve zlepšovatelství
Zlepšovateľstvo ako kritérium úspešnosti pracovného výkonu. Formy zapojenia zlepšovateľov: individuálna forma zlepšovateľstva, forma zapojenia 2 zlepšovateľov atp. Skupinová forma. Synergický efekt spoluautorskej formy zlepšovateľstva. Výsledky analýz efektívnosti vzdelania zlepšovateľov v podnikoch...
Salvato in:
| Autore principale: | |
|---|---|
| Altri autori: | , , |
| Natura: | Capitolo di libro |
| Lingua: | ceco |
| Soggetti: | |
| Tags: |
Nessun Tag, puoi essere il primo ad aggiungerne!!
|
MARC
| LEADER | 00000naa a2200000 4500 | ||
|---|---|---|---|
| 001 | r012923 | ||
| 005 | 20221205080210.8 | ||
| 041 | 0 | |a cze | |
| 044 | |a CZ | ||
| 245 | 1 | 0 | |a Vliv vzdělání na aktivitu ve zlepšovatelství |c S. Černý, F. Šlesinger, M. Morava |
| 520 | |a Zlepšovateľstvo ako kritérium úspešnosti pracovného výkonu. Formy zapojenia zlepšovateľov: individuálna forma zlepšovateľstva, forma zapojenia 2 zlepšovateľov atp. Skupinová forma. Synergický efekt spoluautorskej formy zlepšovateľstva. Výsledky analýz efektívnosti vzdelania zlepšovateľov v podnikoch. Vplyv výsledkov analýz na rozvoj metodológie podnikovej ekonomiky vzdelania. | ||
| 610 | 2 | 0 | |a zlepšovateľstvo |
| 610 | 2 | 0 | |a výkony pracovné |
| 610 | 2 | 0 | |a podnik |
| 610 | 2 | 0 | |a synergia |
| 610 | 2 | 0 | |a vzdelanie |
| 610 | 2 | 0 | |a vzťahy pracovné |
| 610 | 2 | 0 | |a analýza ekonomická |
| 610 | 2 | 0 | |a efektívnosť ekonomická |
| 100 | 1 | |a Černý, S. | |
| 700 | 1 | |a Šlesinger, F. | |
| 700 | 1 | |a Morava, M. | |
| 700 | 1 | |a Vítek, M. | |